书目信息 |
| 题名: |
超越摄动
|
|
| 作者: | 廖世俊 著 ;陈晨 , 徐航 译 | |
| 分册: | ||
| 出版信息: | 北京 科学出版社 2007 |
|
| 页数: | 271页 | |
| 开本: | 25cm | |
| 丛书名: | ||
| 单 册: | ||
| 中图分类: | O189.23 | |
| 科图分类: | ||
| 主题词: | 同伦论 | |
| 电子资源: | ||
| ISBN: | 7-03-016939-5 | |
| 000 | 01242nam0 2200325 450 | |
| 001 | 012004038689 | |
| 005 | 20070805103122.84 | |
| 009 | 012004038689 | |
| 010 | @a7-03-016939-5@b精装@dCNY48.00 | |
| 035 | @a(110015)012006022126 | |
| 100 | @a20060522d2007 em y0chiy0110 ea | |
| 101 | 0 | @achi |
| 102 | @aCN@b110000 | |
| 105 | @ay z 000yy | |
| 106 | @ar | |
| 200 | 1 | @a超越摄动@Achao yue she dong@e同伦分析方法导论@Etong lun fen xi fang fa dao lun@dBeyond perturbation:Lntroduction to the homotopy analysis method@f廖世俊著@Fliao shi jun zhu@g陈晨, 徐航译@Gchen chen , xu hang yi@zeng |
| 210 | @a北京@c科学出版社@d2007 | |
| 215 | @a271页@d25cm | |
| 300 | @a并列题名:Beyond perturbation:Lntroduction to the homotopy analysis method | |
| 300 | @a其他题名:同伦分析方法导论 | |
| 330 | @a本书系统地描述了求解非线性常、偏微分方程的一种解析近似方法---同伦分析方法。 | |
| 510 | 1 | @aBeyond perturbation@eLntroduction to the homotopy analysis method@zeng |
| 517 | 1 | @a同伦分析方法导论@Atong lun fen xi fang fa dao lun |
| 606 | 0 | @a同伦论 |
| 690 | @aO189.23@v4 | |
| 701 | 0 | @a廖世俊@Aliao shi jun@4著 |
| 702 | 0 | @a陈晨@Achen chen@4译 |
| 702 | 0 | @a徐航@Axu hang@4译 |
| 801 | 0 | @aCN@bSC@c20070805 |
| 905 | @dO189.23@e51@f5 | |
| 超越摄动:同伦分析方法导论=Beyond perturbation:Lntroduction to the homotopy analysis method/廖世俊著/陈晨, 徐航译.-北京:科学出版社,2007 |
| 271页;25cm |
| 并列题名:Beyond perturbation:Lntroduction to the homotopy analysis method.-其他题名:同伦分析方法导论 |
| ISBN 7-03-016939-5(精装):CNY48.00 |
| 本书系统地描述了求解非线性常、偏微分方程的一种解析近似方法---同伦分析方法。 |
| ● |
| 相关链接 |
|
|
|
|
正题名:超越摄动
索取号:O189.23/51
 
预约/预借
| 序号 | 登录号 | 条形码 | 馆藏地/架位号 | 状态 | 备注 |
| 1 | 0852700 | 208527003 | 第二样本阅览室/ [索取号:O189.23/51] | 在馆 | |
| 2 | 0852701 | 208527012 | 第三借阅区/ [索取号:O189.23/51] | 在馆 | |
| 3 | 0852702 | 208527021 | 第三借阅区/ [索取号:O189.23/51] | 在馆 | |
| 4 | 0852703 | 208527030 | 第三借阅区/ [索取号:O189.23/51] | 在馆 | |
| 5 | 0852704 | 208527049 | 第三借阅区/ [索取号:O189.23/51] | 在馆 |